French books of hours making an archive of prayer c.1400-1600
Salvato in:
| Autore principale: | |
|---|---|
| Natura: | Libro |
| Lingua: | inglese |
| Pubblicazione: |
Cambridge University Press
2012
|
| Tags: |
Aggiungi Tag
Nessun Tag, puoi essere il primo ad aggiungerne!!
|
MARC
| LEADER | 00000nam a22000007a 4500 | ||
|---|---|---|---|
| 008 | 210712b ||||| |||| 00| 0 eng d | ||
| 020 | |a 9781107460065 | ||
| 100 | |a REINBURG, Virginia | ||
| 245 | |a French books of hours |b making an archive of prayer c.1400-1600 |c Virginia Reinburg |g xiv, 297p;ill | ||
| 260 | |b Cambridge University Press |c 2012 |h New York |i 696455 |i 696456 |l BX2080.R27 |m Books of hours-France |m Books and reading- Social aspects -France- History | ||
| 500 | |a "it includes references and index" | ||
| 942 | |a lcc |c BK |e JOHNSON |f 12/07/21 | ||
| 952 | |0 0 |1 0 |2 lcc |4 0 |6 BX2080 R27 |7 0 |9 2749 |a ART |b HOL |c AF |d 2021-07-12 |l 0 |o BX2080.R27 |p 2021-6592 |r 2021-07-12 00:00:00 |w 2021-07-12 |y BK | ||
| 952 | |0 0 |1 0 |2 lcc |4 0 |6 BX2080 R27 |7 0 |9 2750 |a HOL |b HOL |c AF |d 2021-07-12 |l 0 |o BX2080.R27 |p 2021-6596 |r 2021-07-12 00:00:00 |w 2021-07-12 |y BK | ||
| 999 | |c 1432 |d 1432 | ||